[Event "RUS-ch Rapid Men 2018"]
[Site "Sochi"]
[Date "2018.10.05"]
[Round "3"]
[White "Potapov, Pavel"]
[Black "Bocharov, Ivan"]
[Result "0-1"]
[WhiteElo "2515"]
[BlackElo "2563"]
[Annotator "ChessBase"]
[PlyCount "62"]
[EventDate "2018.10.05"]
[EventType "swiss"]
[EventCountry "RUS"]
[SourceTitle "playchess.com"]
[Source "ChessBase"]
[SourceQuality "1"]
[TimeControl "900+10"]

1. e4 {[%emt 0:00:00]} e5 {[%emt 0:00:00]} 2. Nf3 {[%emt 0:00:01]} Nc6 {[%emt 0:00:00]} 3. Bb5 {[%emt 0:00:06]} a6 {[%emt 0:00:00]} 4. Ba4 {[%emt 0:00:03]} Nf6 {[%emt 0:00:00]} 5. d3 {[%emt 0:00:08]} d6 {[%emt 0:00:05]} 6. c4 {[%emt 0:00:39]} Be7 {[%emt 0:00:14]} 7. Nc3 {[%emt 0:00:08]} O-O {[%emt 0:00:07]} 8. h3 {[%emt 0:01:00]} Nd4 {[%emt 0:01:07]} 9. Nxd4 {[%emt 0:00:14]} exd4 {[%emt 0:00:01]} 10. Ne2 {[%emt 0:00:03]} c5 {[%emt 0:00:19]} 11. O-O {[%emt 0:00:04]} Rb8 {[%emt 0:00:47]} 12. Bc2 {[%emt 0:00:34]} b5 {[%emt 0:00:07]} 13. b3 {[%emt 0:00:10]} Ne8 {[%emt 0:00:46]} 14. Ng3 {[%emt 0:00:20]} Bh4 15. a4 {[%emt 0:01:59]} bxc4 {[%emt 0:03:15]} 16. bxc4 {[%emt 0:00:02]} Nc7 {[%emt 0:02:29]} 17. Bd2 {[%emt 0:00:14]} g6 {[%emt 0:01:33]} 18. Rb1 {[%emt 0:00:54]} Bd7 {[%emt 0:00:00]} 19. Bh6 {[%emt 0:02:30]} Re8 {[%emt 0:00:02]} 20. Qd2 {[%emt 0:00:02]} Qf6 {[%emt 0:01:11]} 21. Qa5 {[%emt 0:01:35]} Rxb1 {[%emt 0:02:01]} 22. Rxb1 {[%emt 0:00:02]} Ne6 {[%emt 0:00:02]} 23. Bd2 {[%emt 0:01:29]} Nf4 {[%emt 0:00:50]} 24. Bxf4 {[%emt 0:01:47]} Qxf4 {[%emt 0:00:01]} 25. Nh1 {[%emt 0:01:27]} Re5 {[%emt 0:02:34]} 26. Bd1 {[%emt 0:00:58]} Kg7 {[%emt 0:01:04]} 27. Qc7 {[%emt 0:01:05]} Bxh3 {[%emt 0:00:12]} 28. gxh3 {[%emt 0:00:50]} Rg5+ {[%emt 0:00:01]} 29. Kf1 {[%emt 0:00:02]} Qh2 {[%emt 0:00:01]} 30. Rb7 {[%emt 0:00:11]} Rg1+ {[%emt 0:00:07]} 31. Ke2 {[%emt 0:00:06]} Qf4 {[%emt 0:00:01]} 0-1

[Event "RUS-ch Rapid Men 2018"]
[Site "Sochi"]
[Date "2018.10.05"]
[Round "3"]
[White "Demidov, Mikhail"]
[Black "Murzin, Volodar"]
[Result "1/2-1/2"]
[WhiteElo "2514"]
[BlackElo "2340"]
[Annotator "ChessBase"]
[PlyCount "77"]
[EventDate "2018.10.05"]
[EventType "swiss"]
[EventCountry "RUS"]
[SourceTitle "playchess.com"]
[Source "ChessBase"]
[SourceQuality "1"]
[TimeControl "900+10"]

1. d4 {[%emt 0:00:00]} Nf6 {[%emt 0:00:00]} 2. Bg5 {[%emt 0:00:01]} g6 {[%emt 0:00:00]} 3. Bxf6 {[%emt 0:00:01]} exf6 {[%emt 0:00:00]} 4. e3 {[%emt 0:00:02]} d5 {[%emt 0:00:00]} 5. g3 {[%emt 0:00:02]} c6 {[%emt 0:00:03]} 6. Bg2 {[%emt 0:00:02]} Bd6 {[%emt 0:00:03]} 7. Ne2 {[%emt 0:00:01]} f5 {[%emt 0:00:03]} 8. b3 {[%emt 0:00:11]} Nd7 {[%emt 0:00:05]} 9. c4 {[%emt 0:00:02]} Nf6 {[%emt 0:00:18]} 10. Nbc3 {[%emt 0:00:04]} Be6 {[%emt 0:00:10]} 11. Qd3 {[%emt 0:00:04]} Ne4 {[%emt 0:00:20]} 12. O-O {[%emt 0:00:46]} O-O {[%emt 0:00:26]} 13. Rfc1 {[%emt 0:00:33]} Rc8 {[%emt 0:00:23]} 14. Rab1 {[%emt 0:03:57]} Bb4 {[%emt 0:02:46]} 15. Nxe4 {[%emt 0:04:23]} fxe4 {[%emt 0:00:09]} 16. Qd1 {[%emt 0:00:01]} Qd7 {[%emt 0:01:00]} 17. Qf1 {[%emt 0:00:27]} f5 {[%emt 0:00:44]} 18. Rc2 {[%emt 0:00:12]} g5 {[%emt 0:00:29]} 19. Rbc1 {[%emt 0:01:48]} Ba3 {[%emt 0:00:22]} 20. Rb1 {[%emt 0:00:01]} Bd6 {[%emt 0:00:10]} 21. cxd5 {[%emt 0:00:29]} cxd5 {[%emt 0:00:38]} 22. Rxc8 {[%emt 0:00:14]} Rxc8 {[%emt 0:00:01]} 23. Rc1 {[%emt 0:00:01]} Ba3 {[%emt 0:02:27]} 24. Rxc8+ {[%emt 0:00:20]} Qxc8 {[%emt 0:00:01]} 25. Qd1 {[%emt 0:00:01]} Kf7 {[%emt 0:00:39]} 26. Qd2 {[%emt 0:00:05]} a6 {[%emt 0:00:38]} 27. Bf1 {[%emt 0:00:17]} Qc6 {[%emt 0:01:18]} 28. Qa5 {[%emt 0:00:12]} Be7 {[%emt 0:00:14]} 29. Qd2 {[%emt 0:00:07]} Ke8 {[%emt 0:01:27]} 30. Qb2 {[%emt 0:00:05]} a5 {[%emt 0:00:54]} 31. Nc3 {[%emt 0:00:08]} Kf7 {[%emt 0:00:18]} 32. Nb5 {[%emt 0:02:12]} h5 {[%emt 0:01:17]} 33. a3 {[%emt 0:00:30]} Kg6 {[%emt 0:00:25]} 34. Qd2 {[%emt 0:00:24]} b6 {[%emt 0:00:06]} 35. Na7 {[%emt 0:00:36]} Qd7 {[%emt 0:00:09]} 36. Nb5 {[%emt 0:00:01]} Qc6 {[%emt 0:00:05]} 37. Na7 {[%emt 0:00:02]} Qd7 {[%emt 0:00:13]} 38. Nb5 {[%emt 0:00:01]} Qc6 {[%emt 0:00:04]} 39. Na7 {[%emt 0:00:07]} 1/2-1/2

[Event "RUS-ch Rapid Men 2018"]
[Site "Sochi"]
[Date "2018.10.05"]
[Round "3"]
[White "Khanin, Semen"]
[Black "Temirkanov, David"]
[Result "1-0"]
[WhiteElo "2510"]
[BlackElo "2262"]
[Annotator "TA"]
[PlyCount "165"]
[EventDate "2018.10.05"]
[EventType "swiss"]
[EventCountry "RUS"]
[SourceTitle "playchess.com"]
[Source "ChessBase"]
[SourceQuality "1"]

{[%evp 15,165,28,27,30,28,27,35,45,46,46,68,68,50,0,0,0,4,-28,-35,-35,-22,-24,-16,-67,-26,-43,0,0,0,0,28,41,19,-364,-343,-354,-359,-345,-347,-520,-465,-514,-513,-446,-297,-297,-297,-297,-271,-260,-168,-168,-170,-258,-258,-253,-258,-258,-202,-254,-251,-252,-252,-357,-362,-360,-260,-322,-213,-366,-347,-335,-332,-389,-312,-618,-367,-610,-633,-607,-580,-7568,-5057,-4464,-3655,-4179,-2015,-29976,-29977,-29973,-29962,-29979,-29980,-29980,-1000,-823,-8,-8,-8,-8,-8,-8,0,-8,0,-8,0,-8,-8,-8,-8,-8,-8,-8,0,-8,-8,-8,-8,-8,14,14,14,14,14,14,14,11,29975,29976,29976,29977,29977,29978,29978,29979,29979,29980,29980,29981,29981,29982,29982,0,29980,29981,29985,29985,29988,29989,29990,29991]} 1. e4 c6 2. d4 d5 3. Nd2 dxe4 4. Nxe4 Nf6 5. Nxf6+ exf6 6. c3 Bd6 7. Bd3 O-O 8. Ne2 Re8 9. Qc2 {B15: Caro-Kann: 3 Nc3: 3...g6 and 3...dxe4 4 Nxe4 Nf6 5 Nxf6+ exf6} f5 10. Bxf5 Bxf5 11. Qxf5 {White is slightly better.} Nd7 {[%cal Bb8d7,Bd7b6,Bb6d5][%mdl 32]} 12. Qf3 Qe7 $146 ({Predecessor:} 12... Qf6 13. Qxf6 Nxf6 14. Kf1 Re6 15. Bd2 Ne4 16. Be3 Rae8 {1-0 (61) Tiviakov,S (2604)-Gukesh,D (2453) Trieste 2018}) 13. Be3 Nb6 14. b3 Nd5 15. Bd2 a5 16. Kf1 a4 17. Re1 axb3 18. axb3 Qd7 {With the idea ...Ra2.} 19. h3 (19. Qd3 $11) 19... Ra2 $36 {[%mdl 2048] Black has the initiative.} 20. Qd3 $1 h6 21. g3 Rb2 22. Rb1 Rxd2 23. Qxd2 {aiming for Qd3.} Qf5 24. Rd1 $2 {[%mdl 8192]} (24. Re1 $1 $11 {and White has nothing to worry.}) 24... Qf3 {( -> ...Rxe2)} 25. Rg1 {intending Qd3.} Ne3+ 26. Ke1 Nxd1 27. Kxd1 (27. Qxd1 {only move.} Qxc3+ 28. Kf1) 27... Qxf2 $19 28. Re1 Qf3 29. Kc2 Qe4+ 30. Qd3 {[#]} Bxg3 $1 {[%mdl 512]} 31. Qxe4 (31. Nxg3 Qxe1) 31... Rxe4 32. Kd3 Bxe1 33. Kxe4 {[%mdl 4096] Endgame KB-KN} Kf8 34. c4 (34. d5 $142) 34... Ke7 35. Nf4 g6 36. Nd3 Bc3 37. Nc5 b6 38. Na4 Ba5 39. d5 (39. Ke5 {is a better defense.}) 39... Kd6 40. dxc6 Kxc6 41. Nb2 Bc3 42. Nd3 $2 (42. Nd1 f5+ 43. Kd3) 42... f5+ 43. Ke3 g5 44. b4 Kd6 45. b5 $2 (45. Kf2) 45... Ke6 46. Kf3 $2 (46. h4) 46... Bd4 47. Nb4 h5 48. Nd5 g4+ 49. hxg4 hxg4+ 50. Kf4 Bc5 (50... Be5+ $142 51. Ke3 f4+ 52. Ke4 f3) 51. Nc7+ Kf6 52. Nd5+ {[#]} Kg6 $1 53. Ke5 Kg5 54. Nf4 {[#]} Kh4 (54... Bd4+ $142 $1 {[%mdl 512]} 55. Kxd4 Kxf4 56. Kd3 Ke5 57. Ke3 f4+ 58. Kd2 Kd4 59. Ke2 Kxc4 60. Kd2 Kxb5 61. Kd3 f3 62. Ke3 Kc4 63. Kf2 b5 64. Ke3 b4 65. Ke4 f2 66. Kf4 f1=Q+ 67. Kxg4 b3 68. Kg5 b2 69. Kg6 b1=Q+ 70. Kg7 Qb8 71. Kh6 Qf7 72. Kg5 Qbf4#) 55. Kxf5 g3 $2 ({Better is} 55... Bd6 $19 56. Ng2+ Kh3) 56. Ke4 $11 Kg4 57. Ng2 Bf2 58. Nf4 Bc5 59. Ng2 Bf2 60. Nf4 Bc5 61. Ng2 Kh3 62. Kf3 Kh2 63. Nf4 Bf2 64. Ng2 Bc5 65. Nf4 Bd6 {Threatens to win with ...Bxf4.} 66. Ng2 Kg1 67. Ne3 Bc5 68. Nf5 $1 {[%cal Rf5g3]} Kf1 ({Much weaker is} 68... g2 $6 69. Nh4 $16) 69. Nxg3+ Ke1 70. Ke4 Kd2 71. Kd5 Kc2 $2 {[%mdl 8192]} (71... Kd3 $11) 72. Ne4 Be3 73. c5 bxc5 74. b6 {[%cal Bb5b6,Bb6b7][%mdl 32]} c4 75. b7 Ba7 76. Kxc4 Kb2 77. Nc5 Bb8 78. Na6 Ba7 79. Nc5 Bb8 $1 80. Kb5 {White mates.} Kc2 81. Na6 Ba7 82. Nb4+ Kb3 83. Nc6 {Precision: White = 60%, Black = 59%.} 1-0

[Event "RUS-ch Rapid Men 2018"]
[Site "Sochi"]
[Date "2018.10.05"]
[Round "3"]
[White "Triapishko, Alexandr"]
[Black "Alekseev, Evgeny"]
[Result "1/2-1/2"]
[WhiteElo "2508"]
[BlackElo "2620"]
[Annotator "RC"]
[PlyCount "86"]
[EventDate "2018.10.05"]
[EventType "swiss"]
[EventCountry "RUS"]
[SourceTitle "playchess.com"]
[Source "ChessBase"]
[SourceQuality "1"]
[TimeControl "900+10"]

1. e4 {[%emt 0:00:00]} e5 {[%emt 0:00:00]} 2. Nf3 {[%emt 0:00:00]} Nc6 {[%emt 0:00:00]} 3. Bb5 {[%emt 0:00:07]} a6 {[%emt 0:00:00]} 4. Ba4 {[%emt 0:00:02]} Nf6 {[%emt 0:00:05]} 5. O-O {[%emt 0:00:03]} Be7 {[%emt 0:00:05]} 6. d3 {[%emt 0:00:05]} d6 {[%emt 0:00:10]} 7. c3 {[%emt 0:00:07]} O-O {[%emt 0:00:06]} 8. Nbd2 {[%emt 0:00:03]} Re8 {[%emt 0:00:15]} 9. Re1 {[%emt 0:00:11]} Bf8 {[%emt 0:00:03]} 10. Nf1 {[%emt 0:00:08]} b5 {[%emt 0:00:16]} 11. Bc2 {[%emt 0:00:22]} Nb8 {[%emt 0:00:16]} 12. a4 {[%emt 0:02:46]} Bb7 {[%emt 0:00:02]} 13. Bg5 {[%emt 0:00:49]} Nbd7 {[%emt 0:00:37]} 14. Ne3 {[%emt 0:00:44]} h6 {[%emt 0:01:10]} 15. Bh4 {[%emt 0:00:08]} Qb8 {[%emt 0:02:52]} 16. b4 {[%emt 0:03:29]} c6 {[%emt 0:00:39]} 17. Bb3 {[%emt 0:00:34]} Qc7 {[%emt 0:00:12]} 18. Qc2 {[%emt 0:01:04]} d5 {[%emt 0:03:22]} 19. axb5 {[%emt 0:05:49]} axb5 {[%emt 0:00:18]} 20. Rxa8 {[%emt 0:00:05]} Rxa8 {[%emt 0:00:22]} 21. exd5 {[%emt 0:01:07]} cxd5 {[%emt 0:01:13]} 22. Bg3 {[%emt 0:00:23]} Rc8 {[%emt 0:01:19]} 23. Rc1 {[%emt 0:00:03]} Bd6 {[%emt 0:01:51]} 24. Nf5 {[%emt 0:00:28]} Nh5 {[%emt 0:00:06]} 25. Nxd6 {[%emt 0:00:19]} Qxd6 {[%emt 0:00:02]} 26. d4 {[%emt 0:00:12]} Nxg3 {[%emt 0:00:22]} 27. dxe5 {[%emt 0:00:05]} Nxe5 {[%emt 0:00:12]} 28. hxg3 {[%emt 0:00:05]} Nxf3+ {[%emt 0:00:16]} 29. gxf3 {[%emt 0:00:01]} Qf6 {[%emt 0:01:42]} 30. Qd3 {[%emt 0:00:25]} d4 {[%emt 0:00:02]} 31. f4 {[%emt 0:00:13]} Qc6 {[%emt 0:00:36]} 32. f3 {[%emt 0:00:03]} dxc3 {[%emt 0:00:13]} 33. Kf2 {[%emt 0:00:10]} Qb6+ {[%emt 0:01:08]} 34. Kg2 {[%emt 0:00:08]} Qc6 {[%emt 0:00:17]} 35. Kf2 {[%emt 0:00:01]} Qb6+ {[%emt 0:00:03]} 36. Kg2 {[%emt 0:00:02]} Qc7 {[%emt 0:00:06]} 37. Kf2 {[%emt 0:00:19]} Qc6 {[%emt 0:00:14]} 38. Rc2 {[%emt 0:00:26]} g6 {[%emt 0:00:20]} 39. g4 {[%emt 0:00:10]} Kg7 {[%emt 0:00:04]} 40. Kg3 {[%emt 0:00:08]} Qb6 {[%emt 0:00:05]} 41. Rxc3 {[%emt 0:00:14]} Qg1+ 42. Kh3 Qh1+ 43. Kg3 Qe1+ 1/2-1/2

[Event "RUS-ch Rapid Men 2018"]
[Site "Sochi"]
[Date "2018.10.05"]
[Round "3"]
[White "Gabrielian, Artur"]
[Black "Matlakov, Maxim"]
[Result "1/2-1/2"]
[WhiteElo "2499"]
[BlackElo "2683"]
[Annotator "TA"]
[PlyCount "91"]
[EventDate "2018.10.05"]
[EventType "swiss"]
[EventCountry "RUS"]
[SourceTitle "playchess.com"]
[Source "ChessBase"]
[SourceQuality "1"]

{[%evp 13,91,31,28,-2,24,20,30,16,32,18,17,27,11,4,3,3,3,0,0,0,0,-64,-58,-99,-90,-104,-99,-99,-99,-99,-99,-99,-99,-107,-102,-119,-126,-109,-95,-119,-108,-93,-97,-105,-87,-95,-94,-87,-91,-96,-89,-93,-85,-90,-91,-97,-87,-112,-110,-115,-85,-77,-81,-133,-93,-88,-74,-75,-68,-54,-65,-67,-41,-40,-35,-35,0,0,0,0]} 1. e4 e5 2. Nf3 Nc6 3. Bc4 Bc5 4. d3 Nf6 5. Bg5 {[%cal Bc1g5,Bg5h4,Bh4g3,Bg3h2][%mdl 32]} h6 6. Bh4 Be7 {C50: Italienische Partie} 7. Bg3 d6 {LiveBook: 3 Partien} 8. Nbd2 O-O 9. a4 g6 $146 ({Vorgänger:} 9... Na5 10. Ba2 Nh5 11. Nf1 g6 12. Qd2 c5 13. Qxh6 c4 14. Ne3 {1-0 (64) Demchenko,A (2660)-Vidit,S (2715) Riadh 2017}) 10. h3 Kh7 11. c3 Nh5 12. Bh2 Bg5 13. Nf1 f5 14. exf5 gxf5 15. Ne3 Bxe3 16. fxe3 e4 17. Nd4 (17. dxe4 $11 fxe4 18. Qc2) 17... Qh4+ $1 $15 18. Kd2 {[#]} Ne5 $1 19. Rf1 exd3 20. Bxd3 Nxd3 21. Kxd3 Qe4+ 22. Kd2 Qxg2+ 23. Qe2 Qxe2+ ({Bitte nicht} 23... Qxh3 $6 24. Rh1 $11) 24. Kxe2 Bd7 25. Nb5 Rfc8 26. Rf2 a6 27. Nd4 Rf8 28. Raf1 {[%cal Rd4f5]} Ng7 29. b3 Rae8 30. Kd2 Re4 31. Bf4 Rfe8 32. c4 Nh5 33. Ne2 R4e7 34. a5 Bc6 35. Re1 Rg8 36. Bh2 Bd7 (36... Rg5 {feels hotter.} 37. Bf4 Rg6 38. Nd4 Nf6 39. Kc1 Bd7) 37. Nc3 Nf6 38. Rg1 (38. Kc1 $142) 38... Rxg1 39. Bxg1 Re5 40. b4 Ne4+ 41. Nxe4 Rxe4 42. Rf4 Re8 43. Bh2 Kg6 44. Rd4 f4 45. Bxf4 Bxh3 {[#]} 46. Bxh6 $1 {[%mdl 512] Precision: Weiß = 59%, Schwarz = 59%.} 1/2-1/2

[Event "RUS-ch Rapid Men 2018"]
[Site "Sochi"]
[Date "2018.10.05"]
[Round "3"]
[White "Moiseenko, Vadim"]
[Black "Miroshnichenko, Pavel"]
[Result "1-0"]
[WhiteElo "2492"]
[BlackElo "2275"]
[Annotator "ChessBase"]
[PlyCount "69"]
[EventDate "2018.10.05"]
[EventType "swiss"]
[EventCountry "RUS"]
[SourceTitle "playchess.com"]
[Source "ChessBase"]
[SourceQuality "1"]
[TimeControl "900+10"]

1. g3 {[%emt 0:00:00]} e5 {[%emt 0:00:00]} 2. c4 {[%emt 0:00:00]} Nc6 {[%emt 0:00:01]} 3. Bg2 {[%emt 0:00:00]} g6 {[%emt 0:00:02]} 4. Nc3 {[%emt 0:00:01]} Bg7 {[%emt 0:00:01]} 5. d3 {[%emt 0:00:02]} f5 {[%emt 0:00:01]} 6. e3 {[%emt 0:00:02]} Nf6 {[%emt 0:00:04]} 7. Nge2 {[%emt 0:00:02]} O-O {[%emt 0:00:03]} 8. O-O {[%emt 0:00:12]} d6 {[%emt 0:00:11]} 9. Rb1 {[%emt 0:00:09]} a5 {[%emt 0:00:16]} 10. a3 {[%emt 0:00:05]} Ne7 {[%emt 0:00:38]} 11. b4 {[%emt 0:00:19]} axb4 {[%emt 0:00:01]} 12. axb4 {[%emt 0:00:02]} c6 {[%emt 0:00:13]} 13. d4 {[%emt 0:01:04]} Be6 {[%emt 0:00:50]} 14. c5 {[%emt 0:00:23]} Bc4 {[%emt 0:01:26]} 15. cxd6 {[%emt 0:01:05]} Qxd6 {[%emt 0:00:03]} 16. dxe5 {[%emt 0:00:11]} Qxe5 {[%emt 0:00:02]} 17. Bb2 {[%emt 0:00:10]} Rfd8 {[%emt 0:01:06]} 18. Qc1 {[%emt 0:00:17]} Qe6 {[%emt 0:01:41]} 19. Rd1 {[%emt 0:00:37]} Qf7 {[%emt 0:01:00]} 20. h3 {[%emt 0:01:10]} Ned5 {[%emt 0:03:01]} 21. Nxd5 {[%emt 0:00:42]} Bxd5 {[%emt 0:00:02]} 22. Bxd5 {[%emt 0:00:53]} Rxd5 {[%emt 0:00:17]} 23. Rxd5 {[%emt 0:00:04]} Nxd5 {[%emt 0:00:41]} 24. b5 {[%emt 0:00:30]} Ra2 {[%emt 0:02:23]} 25. Bxg7 {[%emt 0:01:24]} Kxg7 {[%emt 0:00:50]} 26. bxc6 {[%emt 0:00:50]} bxc6 {[%emt 0:00:02]} 27. Nd4 {[%emt 0:00:55]} Ra7 {[%emt 0:01:56]} 28. Qxc6 {[%emt 0:00:25]} Re7 {[%emt 0:00:14]} 29. Qd6 {[%emt 0:02:40]} Nf6 {[%emt 0:01:28]} 30. Rb6 {[%emt 0:00:05]} h6 {[%emt 0:00:55]} 31. Ne6+ {[%emt 0:00:10]} Kh7 {[%emt 0:00:02]} 32. Nf4 {[%emt 0:00:06]} Kg7 {[%emt 0:00:34]} 33. Ne6+ {[%emt 0:00:29]} Kh7 {[%emt 0:00:02]} 34. Nd8 {[%emt 0:00:04]} Qd5 {[%emt 0:00:22]} 35. Qxe7+ {[%emt 0:00:07]} 1-0

[Event "RUS-ch Rapid Men 2018"]
[Site "Sochi"]
[Date "2018.10.05"]
[Round "3"]
[White "Hasangatin, Ramil"]
[Black "Demchenko, Anton"]
[Result "0-1"]
[WhiteElo "2485"]
[BlackElo "2679"]
[Annotator "TA"]
[PlyCount "158"]
[EventDate "2018.10.05"]
[EventType "swiss"]
[EventCountry "RUS"]
[SourceTitle "playchess.com"]
[Source "ChessBase"]
[SourceQuality "1"]

{[%evp 13,158,-12,3,-12,-4,-8,-12,-10,-10,-19,-28,-37,-45,-38,-47,-37,-9,-9,-8,-2,-8,-16,-18,-8,0,-8,-14,-15,0,0,0,-16,-16,-49,-38,-100,-83,-100,-75,-79,-67,-42,0,-74,0,-8,-1,0,0,0,47,44,35,-12,-18,-14,-14,-22,-22,-40,-51,-38,-24,-93,-84,-131,-140,-114,-129,-143,0,-40,0,0,43,47,36,0,0,-8,-8,-8,-8,-8,-8,-8,-8,-12,-11,-24,-20,-54,-47,-58,-8,-8,-8,-8,-8,-8,-11,-13,-8,-8,-8,-8,-8,-8,0,-19,-8,-26,0,0,0,-8,-8,-8,0,0,0,-8,-8,-8,0,0,0,0,12,-8,-8,-8,-8,-8,-8,-8,-8,-8,-8,-8,-8,-592,-8,-29981,-29982,-29981,-8]} 1. e4 c5 2. Nf3 d6 3. d4 cxd4 4. Qxd4 Nf6 5. Bb5+ Bd7 6. Bxd7+ Nbxd7 7. Nc3 g6 {LiveBook: 14 Games. B52: Sicilian: Moscow Variation with 3...Bd7} 8. e5 (8. a4 Bg7 9. a5 O-O 10. O-O Qc7 11. Qb4 Rfc8 12. Be3 Qc4 13. Ra4 Qa6 14. h3 Nc5 15. Ra3 Ncd7 16. Ra4 Nc5 17. Ra3 Ncd7 18. Ra4 Nc5 19. Ra3 {½-½ (19) Stevic,H (2602)-Lalic,B (2438) Sibenik 2016}) 8... dxe5 9. Nxe5 Bg7 {The position is equal.} 10. Nxd7 Qxd7 11. Qxd7+ Nxd7 12. Nd5 Rc8 13. c3 e6 14. Nb4 Rxc3 $146 ({Predecessor:} 14... Nb6 15. O-O Nc4 16. Nc2 {½-½ (38) Yashas,D (2119)-Narayanan,S (2370) Mumbai 2009}) 15. Bh6 $1 {[%cal Rh6g7]} Bxh6 16. bxc3 Ke7 17. Rb1 Rc8 18. Rb3 Nc5 19. Ra3 a6 {Threatens to win with ...Bc1.} 20. O-O Bf4 21. c4 Bd6 22. Rh3 Ne4 $36 {[%mdl 2048] Black has some pressure.} 23. Nd3 Rxc4 24. Rb1 ({Better is} 24. Rxh7 $15 b5 25. Rc1) 24... b5 $17 25. Rxh7 Rc2 26. Rb2 Rc3 {[%mdl 1024] Black has strong compensation.} 27. Rb3 $1 Rc2 28. Rb2 Rc4 (28... Rxb2 $17 29. Nxb2 Nc3) 29. Rh3 Rd4 {...Ng5 is the strong threat.} 30. Kf1 g5 31. Rc2 Ra4 32. Re3 Nf6 33. Nc1 Ng4 (33... Bxh2 34. g3 $16) 34. Rd3 Nxh2+ ({Of course not} 34... Bxh2 $6 35. g3 $16) 35. Kg1 Ng4 $1 36. Rc6 Bf4 37. g3 Be5 38. a3 (38. Rb6 $1 $11) 38... Bd4 {[#] aiming for ...Ne5.} 39. Rc2 Ne5 40. Rb3 Nc4 41. Ra2 Ne5 (41... Bc5 $17 42. Kf1 f6) 42. Rb4 Rxb4 43. axb4 $15 {[%mdl 4096] Endgame KRN-KBN} Bc3 44. Rxa6 Bxb4 45. Na2 Bc5 46. Ra5 Ng4 47. Rxb5 Bxf2+ 48. Kg2 {Black must now prevent Rb4.} f5 49. Nb4 Kd6 50. Nd3 Bd4 51. Ra5 e5 52. Ne1 Ne3+ 53. Kf3 g4+ 54. Ke2 Nd5 55. Ra6+ Ke7 56. Nd3 Nc3+ 57. Kf1 $1 Ne4 58. Kg2 Nd6 59. Nb4 Ke6 60. Nc6 Be3 61. Ra3 Bg5 62. Nb4 f4 63. gxf4 $1 exf4 64. Nd3 Ne4 {And now ...f3+ would win.} 65. Ra6+ Kf5 {Strongly threatening ...f3+.} 66. Ra5+ Kg6 67. Ne5+ Kh5 68. Rb5 $1 Nd2 69. Nf7 f3+ 70. Kg1 Ne4 71. Nxg5 Nxg5 $11 {KR-KN} 72. Kf2 Kh4 73. Rb4 Kh3 74. Kg1 Kg3 75. Rb3 Ne4 76. Ra3 Kf4 77. Kf1 $2 {[%mdl 8192] [#]} (77. Ra8 $11) 77... g3 $2 (77... Nd2+ $1 $19 78. Ke1 g3 79. Ra4+ Kg5 80. Ra5+ (80. Kxd2 $2 g2 $19) 80... Kf4 81. Ra4+ Kg5 82. Ra5+ (82. Kxd2 $2 g2 $19) 82... Kg4 83. Ra4+ Kh3) 78. Ra8 $2 {[%mdl 8192]} (78. Ra4 $11) 78... Nd2+ 79. Ke1 Ke5 $2 {[%mdl 32768] Precision: White = 46%, Black = 52%. . Sensor Board Error (Ke4/e5)?} (79... f2+ {mates} 80. Kxd2 g2 81. Rf8+ Kg3 82. Rg8+ Kh2 83. Rh8+ Kg1 84. Rc8 f1=Q 85. Ke3 Qf2+ 86. Ke4 Qb2 87. Rc5 Qe2+ 88. Kd5 Kh2 89. Rc4 g1=Q 90. Rh4+ Kg3 91. Rb4 Qge3 92. Rg4+ Qxg4 93. Kc6 Qge6+ 94. Kb7 Q3b6+ 95. Ka8 Qg8#) 0-1

[Event "RUS-ch Rapid Men 2018"]
[Site "Sochi"]
[Date "2018.10.05"]
[Round "3"]
[White "Kabanov, Nikolai"]
[Black "Tomashevsky, Evgeny"]
[Result "0-1"]
[WhiteElo "2481"]
[BlackElo "2705"]
[Annotator "TA"]
[PlyCount "90"]
[EventDate "2018.10.05"]
[EventType "swiss"]
[EventCountry "RUS"]
[SourceTitle "playchess.com"]
[Source "ChessBase"]
[SourceQuality "1"]

{[%evp 12,90,0,0,1,9,11,14,0,-31,-23,-76,-86,-77,-80,-67,-77,-77,-51,-54,-51,-89,-91,-115,-68,-103,-43,-115,-93,-143,-98,-98,-107,-599,-158,-158,-162,-155,-150,-152,-143,-158,-157,-149,-140,-134,-116,-141,-115,-129,-120,-127,-116,-138,-134,-131,-123,-152,-111,-114,-112,-112,-102,-115,-110,-119,-117,-173,-138,-208,-136,-154,0,-156,-144,-159,-105,-466,-489,-4618,-888]} 1. e4 c6 2. d4 d5 3. exd5 cxd5 4. c3 Nc6 5. Bf4 Bf5 (5... Nf6 6. Bd3 Bg4 7. Qb3 Qc8 8. Nd2 e6 9. Ngf3 Bh5 10. O-O Be7 11. Rae1 a6 12. Qc2 Bg6 13. Ne5 Nxd4 14. Qa4+ Nc6 15. Nxg6 hxg6 16. Nf3 b5 17. Qd1 Qd7 18. a4 bxa4 19. Qxa4 {1-0 (84) Nakamura,H (2780)-Topalov,V (2749) Saint Louis 2017}) 6. Nf3 {B13: Caro-Kann (Abtausch-Variante 4.c4)} e6 7. Qb3 {LiveBook: 27 Partien} Bd6 $146 ({Vorgänger:} 7... Qd7 8. Nbd2 f6 9. Be2 g5 10. Bg3 h5 11. h4 g4 12. Ng1 Nh6 13. Bb5 {1-0 (60) Ni,H (2671)-Riazantsev,A (2650) Riadh 2017}) 8. Qxb7 {Die Stellung ist ausgeglichen.} Bxf4 9. Qxc6+ Kf8 10. Ne5 Ne7 11. Qa4 (11. Qb7 $1 $11 {war der einzige Weg, das Gleichgewicht zu behalten.}) 11... Bxe5 $17 12. dxe5 Qb8 $36 {[%mdl 2048] Schwarz hat starke Initiative.} 13. Qb5 Qxe5+ 14. Qe2 Qf6 15. Nd2 g5 {[%cal Bg7g5,Bg5h4][%mdl 32]} 16. h4 gxh4 17. Nf3 Ng6 18. Qe3 Kg7 (18... h5 $17 19. Qd4 e5 20. Qxd5 Kg7) 19. g3 ({Besser ist} 19. O-O-O $1 $15) 19... Be4 20. Bg2 {[%cal Rf3h4]} hxg3 21. fxg3 Bxf3 22. Qh6+ (22. Bxf3 $142 Qe5 23. Qxe5+ Nxe5 24. Be2) 22... Kg8 23. O-O Qg7 24. Qxg7+ Kxg7 25. Rxf3 Rhc8 26. Re3 Rab8 27. b3 Rc7 28. Bf1 Ne7 29. Rd1 Nc8 30. c4 Nb6 31. cxd5 Nxd5 32. Red3 Rb4 33. Bg2 Nf6 34. Rd4 a5 35. Rxb4 axb4 {[%mdl 4096] Endspiel KTL-KTS} 36. Rd4 Rc1+ 37. Kh2 Rc2 38. Rxb4 Rxa2 39. Kh3 (39. Kg1 $17) 39... Rb2 40. Rb7 (40. g4 $17 {war einen Versuch wert.}) 40... Ne8 41. Rb6 Nf6 42. Rb7 $1 h6 43. Bf3 Nh7 (43... e5 $142 {Weiss muss nun ...e4 beachten.} 44. Rb4 Kg6) 44. Kg4 $2 {[%mdl 8192]} (44. g4 $17 {war die entscheidende Verteidigung.}) 44... Rf2 $19 45. Be4 {[#]} (45. Bc6 $142 Kg6 46. Kh4) 45... Nf6+ {Precision: Weiß = 39%, Schwarz = 74%.} (45... h5+ $142 $1 {[%mdl 512]} 46. Kxh5 Nf6+ 47. Kh4 Nxe4) 0-1